=LDR 00000nam 2200000 4500 =001 INLIS000000000003762 =005 20130612092049 =008 ***********************************Ind** =035 ##$$0010-061300000003762 =041 ##$$a Ind =082 ##$$a 610 =090 ##$$a 610, For p =100 ##$$a Ford, Michael J =245 ##$$a Penuntun tindakan medis, Michael J. Ford; alih bahasa, Petrus Andrianto =260 ##$$a 1988 $b Jakarta =300 ##$$a x, 192 hlm., ilus., 21 cm =650 ##$$a Kedokteran =700 ##$$a Andrianto, Petrus =850 ##$$a NBPNMAT